01762nam a2200337 a 4500999001700000001000800017003000900025005001700034008004100051020002200092040003800114043001200152082002400164245006800188264004500256264001000301300004700311336002600358337002800384338002700412490002300439504004100462505061600503650003501119653002601154655002401180700002901204906004501233942001201278952013401290 c28740d287112391381EG-ScBUE20200919101441.0850820t1984 au a f b 000 0 eng d a0709933274 (pbk.) aDLCbengerdacDLCdDLCdEG-ScBUE ae------04a338.642094bSMA22200aSmall business :btheory and policy /cedited by Cyril Levicki. 1aSydney, Australia :bCroom Helm,c[1984] 4cc1984 aviii, 152 pages :billustrations ;c22 cm. 2rdacontentatextbtxt 2rdamediaaunmediatedbn 2rdacarrieravolumebnc0 aThe action society aIncludes bibliographical references.0 aConcentration, competition, and the small firm / M.A. Utton -- An analysis of concentration / J.M. Samuels and P.A. Morrish -- Economics and small enterprises / Brian Hindley -- A new model of the process of business concentration / Robin Morris -- Company finance in Europe / J.M. Samuels -- Small firms and the German economic miracle / Willibrord Sauer -- The small firm in the French economy / Pierre-Yves Barreyre -- Small business in Italy / Julia Bamford -- Public policy and small firms in Britain / M.E. Beesley and P.E.B. Wilson -- Small business research in Britain / John Stanworth and James Curran. 7aSmall businesszEurope.2BUEsh bBUSADMcSeptember2020 vReading book9342321 aLevicki, Cyril,eeditor. a7bcbccorignewd3encipf19gy-gencatlg 2ddccBB 00102ddc40708BaccahaMAINbMAINc1STd2020-09-19ePurchasel0o338.642094 SMAp000049692r2025-07-15 00:00:00w2020-09-19yBB